Managing your personal finances / (Record no. 1087)
[ view plain ]
| 000 -LEADER | |
|---|---|
| fixed length control field | 00535nam a22001937a 4500 |
| 008 - FIXED-LENGTH DATA ELEMENTS--GENERAL INFORMATION | |
| fixed length control field | 150702b xxu||||| |||| 00| 0 eng d |
| 020 ## - INTERNATIONAL STANDARD BOOK NUMBER | |
| International Standard Book Number | 0538628960 |
| 041 0# - LANGUAGE CODE | |
| Language code of text/sound track or separate title | eng |
| 080 ## - UNIVERSAL DECIMAL CLASSIFICATION NUMBER | |
| Universal Decimal Classification number | 336 |
| 100 ## - Rafti | |
| Rafti | Ryan, Joan S.; |
| 245 ## - TITLE STATEMENT | |
| Title | Managing your personal finances / |
| Statement of responsibility, etc | Joan S. Ryan; |
| 260 ## - | |
| -- | Cincinnati, Ohio; |
| -- | South-Western Educational Publishing ; |
| -- | 1997. |
| 300 ## - | |
| -- | 806 f.: |
| -- | me il.; |
| -- | 25 cm. |
| 500 ## - | |
| -- | Preface: f. iii-v |
| 505 ## - | |
| -- | Index: f.793-806 |
| 650 #0 - | |
| -- | Financë |
| 650 #0 - | |
| -- | Organizim |
| 942 ## - ADDED ENTRY ELEMENTS (KOHA) | |
| Source of classification or shelving scheme | |
| Item type | Books |
| Withdrawn status | Lost status | Source of classification or shelving scheme | Damaged status | Not for loan | Collection code | Permanent location | Current location | Shelving location | Date acquired | Total Checkouts | Full call number | Date last seen | Price effective from | Koha item type | Barcode |
|---|---|---|---|---|---|---|---|---|---|---|---|---|---|---|---|
| Koleksioni i përgjithshem | UBT - Lipjan | UBT - Lipjan | Koleksioni i përgjithshem | 09/21/2015 | 336 RYA | 09/21/2015 | Books | 002-007677 | |||||||
| Koleksioni i përgjithshem | UBT - Lipjan | UBT - Lipjan | Koleksioni i përgjithshem | 09/23/2015 | 336 RYA | 09/23/2015 | 09/23/2015 | Books | 002-007676 | ||||||
| Koleksioni i përgjithshem | UBT - Lipjan | UBT - Lipjan | Koleksioni i përgjithshem | 10/01/2015 | 336 RYA | 10/01/2015 | 10/01/2015 | Books | 002-008122 | ||||||
| Koleksioni i përgjithshem | UBT - Lipjan | UBT - Lipjan | Koleksioni i përgjithshem | 10/01/2015 | 336 RYA | 10/01/2015 | 10/01/2015 | Books | 002-008121 | ||||||
| Koleksioni i përgjithshem | UBT - Lipjan | UBT - Lipjan | Koleksioni i përgjithshem | 10/01/2015 | 336 RYA | 10/01/2015 | 10/01/2015 | Books | 002-008175 | ||||||
| Koleksioni i përgjithshem | UBT - Lipjan | UBT - Lipjan | Koleksioni i përgjithshem | 10/01/2015 | 336 RYA | 10/01/2015 | 10/01/2015 | Books | 002-008184 | ||||||
| Koleksioni i përgjithshem | UBT - Lipjan | UBT - Lipjan | Koleksioni i përgjithshem | 10/14/2015 | 336 RYA | 10/14/2015 | 10/14/2015 | Books | 002-008319 | ||||||
| Koleksioni i përgjithshem | UBT - Lipjan | UBT - Lipjan | Koleksioni i përgjithshem | 10/21/2015 | 336 RYA | 10/21/2015 | 10/21/2015 | Books | 002-008435 | ||||||
| Koleksioni i përgjithshem | UBT - Prishtine | UBT - Prishtine | Koleksioni i përgjithshem | 07/02/2015 | 336 RYA | 07/02/2015 | 07/02/2015 | Books |